000 00276nam a22001337a 4500
008 170612b xxu||||| |||| 00| 0 eng d
020 _a9780679726104
041 _aeng
080 _a94
100 _a17
101 _aSHH
245 _aCITIZENS
_cSCHAMA,S
942 _2udc
_cBK
999 _c17060
_d17060